<?xml version="1.0" encoding="UTF-8"?>
<record
    xmlns:xsi="http://www.w3.org/2001/XMLSchema-instance"
    xsi:schemaLocation="http://www.loc.gov/MARC21/slim http://www.loc.gov/standards/marcxml/schema/MARC21slim.xsd"
    xmlns="http://www.loc.gov/MARC21/slim">

  <leader>03274nam a2200541Ia 4500</leader>
  <controlfield tag="001">2313</controlfield>
  <controlfield tag="008">241029s9999    xx            000 0 und d</controlfield>
  <datafield tag="010" ind1=" " ind2=" ">
    <subfield code="a">2172</subfield>
  </datafield>
  <datafield tag="041" ind1=" " ind2=" ">
    <subfield code="a">Espa&#xF1;ol</subfield>
  </datafield>
  <datafield tag="082" ind1=" " ind2=" ">
    <subfield code="a">MA-ES 00015 FH 2005.</subfield>
  </datafield>
  <datafield tag="245" ind1=" " ind2="0">
    <subfield code="a">Niveles de Estandarizaci&#xF3;n entre los Planes de Estudio de la Licenciatura en Educaci&#xF3;n Menci&#xF3;n Educaci&#xF3;n Inicial en las Instituciones de Educaci&#xF3;n Superior de Santo Domingo (Rep&#xFA;blica Dominicana), en el A&#xF1;o 2003</subfield>
  </datafield>
  <datafield tag="260" ind1=" " ind2=" ">
    <subfield code="a">Santo Domingo</subfield>
  </datafield>
  <datafield tag="300" ind1=" " ind2=" ">
    <subfield code="a">121</subfield>
  </datafield>
  <datafield tag="520" ind1=" " ind2=" ">
    <subfield code="a">33</subfield>
  </datafield>
  <datafield tag="630" ind1=" " ind2=" ">
    <subfield code="a">Ense&#xF1;anza</subfield>
  </datafield>
  <datafield tag="630" ind1=" " ind2=" ">
    <subfield code="a">Plan de Estudios</subfield>
  </datafield>
  <datafield tag="650" ind1=" " ind2=" ">
    <subfield code="a">Ense&#xF1;anza</subfield>
  </datafield>
  <datafield tag="690" ind1=" " ind2=" ">
    <subfield code="a">Elaborado</subfield>
  </datafield>
  <datafield tag="700" ind1=" " ind2=" ">
    <subfield code="e">asesor</subfield>
    <subfield code="a"> Bravo, Delfina</subfield>
  </datafield>
  <datafield tag="700" ind1=" " ind2=" ">
    <subfield code="e">autor</subfield>
    <subfield code="a">Nova Cabrera, Yris </subfield>
  </datafield>
  <datafield tag="700" ind1=" " ind2=" ">
    <subfield code="e">autor</subfield>
    <subfield code="a">Pe&#xF1;a Luna, Navia Teresa </subfield>
  </datafield>
  <datafield tag="901" ind1=" " ind2=" ">
    <subfield code="a">{"1":"Nova Cabrera","2":"Pe&#xF1;a Luna"}</subfield>
    <subfield code="b">{"1":"Yris ","2":"Navia Teresa "}</subfield>
  </datafield>
  <datafield tag="902" ind1=" " ind2=" ">
    <subfield code="a">1</subfield>
  </datafield>
  <datafield tag="903" ind1=" " ind2=" ">
    <subfield code="a">{"1":" Bravo"}</subfield>
    <subfield code="b">{"1":"Delfina"}</subfield>
  </datafield>
  <datafield tag="904" ind1=" " ind2=" ">
    <subfield code="a">Maestr&#xED;a en</subfield>
  </datafield>
  <datafield tag="905" ind1=" " ind2=" ">
    <subfield code="a">Ense&#xF1;anza Superior</subfield>
  </datafield>
  <datafield tag="906" ind1=" " ind2=" ">
    <subfield code="a">2</subfield>
  </datafield>
  <datafield tag="907" ind1=" " ind2=" ">
    <subfield code="a">NO APLICA</subfield>
  </datafield>
  <datafield tag="908" ind1=" " ind2=" ">
    <subfield code="a">NO APLICA</subfield>
  </datafield>
  <datafield tag="909" ind1=" " ind2=" ">
    <subfield code="a">Universidad Aut&#xF3;noma de Santo Domingo (UASD)</subfield>
  </datafield>
  <datafield tag="910" ind1=" " ind2=" ">
    <subfield code="a">NULL</subfield>
    <subfield code="b">NULL</subfield>
  </datafield>
  <datafield tag="911" ind1=" " ind2=" ">
    <subfield code="a">["1"]</subfield>
  </datafield>
  <datafield tag="912" ind1=" " ind2=" ">
    <subfield code="a">NO APLICA</subfield>
  </datafield>
  <datafield tag="913" ind1=" " ind2=" ">
    <subfield code="a">NULL</subfield>
  </datafield>
  <datafield tag="914" ind1=" " ind2=" ">
    <subfield code="a">07 de Febrero de 2005</subfield>
  </datafield>
  <datafield tag="915" ind1=" " ind2=" ">
    <subfield code="a">NULL</subfield>
  </datafield>
  <datafield tag="916" ind1=" " ind2=" ">
    <subfield code="a">NULL</subfield>
  </datafield>
  <datafield tag="917" ind1=" " ind2=" ">
    <subfield code="a">NULL</subfield>
  </datafield>
  <datafield tag="918" ind1=" " ind2=" ">
    <subfield code="a">NO APLICA</subfield>
  </datafield>
  <datafield tag="919" ind1=" " ind2=" ">
    <subfield code="a">["202","159"]</subfield>
  </datafield>
  <datafield tag="520" ind1=" " ind2=" ">
    <subfield code="a">La investigaci&#xF3;n pretendi&#xF3; determinar el nivel de estandarizaci&#xF3;n existente entre los planes de estudio de la Licenciatura en Educaci&#xF3;n Menci&#xF3;n Inicial en las instituciones de educaci&#xF3;n superior de Santo Domingo (Rep&#xFA;blica Dominicana) en el a&#xF1;o 2003, as&#xED; como analizar los requisitos de ingreso para los aspirantes a cursar dicha Licenciatura en las instituciones de educaci&#xF3;n superior.El estudio fue de tipo exploratorio, documental y comparativo, fundamentado en los m&#xE9;todos anal&#xED;tico, inductivo, deductivo y sint&#xE9;tico, para el cual se emplearon las t&#xE9;cnicas de: an&#xE1;lisis documental, fichado lectura, relectura y an&#xE1;lisis de documentos y entrevistas. La poblaci&#xF3;n estuvo conformada por las universidades: UASD, , Federico Enrique y Carvajal (UFHC), Universidad Iberoamericana, Universidad Cat&#xF3;lica de Santo Domingo, Universidad del Caribe y la escuela Normal F&#xE9;lix Evaristo Mej&#xED;a.El estudio concluye que los requisitos de admisi&#xF3;n para cursar dicha Licenciatura no est&#xE1;n definidos, pues se asumen los mismos exigidos para cursar todas las carreras, puesto que no se hacen evaluaciones a trav&#xE9;s de test vocacionales o de otro tipo para saber si se tiene aptitudes para desempe&#xF1;arse como docente. Por otro lado se verifico que no se exponen de forma clara los fundamentos filos&#xF3;ficos, sociol&#xF3;gicos, pedag&#xF3;gicos y psicol&#xF3;gicos de dicha carrera, as&#xED; como que las instituciones no cuentan con un mecanismo de evaluaci&#xF3;n de los planes de estudios, pr&#xE1;cticas docentes y did&#xE1;ctica, pero que dichos planes cuentan con las asignaturas b&#xE1;sicas, pero carecen de un perfil del profesional a formar, por lo que el estudio recomienda realizar una reestructuraci&#xF3;n de los planes de estudio, revisando sus contenidos, pertinencia y adecuaci&#xF3;n al contexto.</subfield>
  </datafield>
  <datafield tag="921" ind1=" " ind2=" ">
    <subfield code="a">16</subfield>
  </datafield>
  <datafield tag="922" ind1=" " ind2=" ">
    <subfield code="a">16</subfield>
  </datafield>
  <datafield tag="923" ind1=" " ind2=" ">
    <subfield code="a">0</subfield>
  </datafield>
  <datafield tag="924" ind1=" " ind2=" ">
    <subfield code="a">NO APLICA</subfield>
  </datafield>
  <datafield tag="942" ind1=" " ind2=" ">
    <subfield code="c">Tesis</subfield>
  </datafield>
  <datafield tag="999" ind1=" " ind2=" ">
    <subfield code="c">2172</subfield>
    <subfield code="d">2172</subfield>
  </datafield>
</record>
